| 000 | 01162nam0a2200325 4500 | ||
|---|---|---|---|
| 001 | RU\NLR\BIBL_A\022070531 | ||
| 005 | 20231218141745.0 | ||
| 010 |
_a978-5-6048909-3-6 _930 |
||
| 021 |
_aRU _bКН-П-23-063996 _9КН-П-23-6496 |
||
| 035 | _a(NLR Aleph) 022070531 | ||
| 090 |
_a12657799 _c12657799 |
||
| 100 | _a20231110d2022 u y0rusy50 ca | ||
| 101 | 0 | _arus | |
| 102 | _aRU | ||
| 105 | _aac z 000gy | ||
| 181 | 0 |
_ai3 _baxxe |
|
| 182 | 0 | _an | |
| 200 | 1 |
_aСтихи о том, что трогает душу... _fНателла Ноддель |
|
| 203 |
_aТекст _bвизуальный _cнепосредственный |
||
| 210 |
_aСаратов _cТехно-Декор _d2022 |
||
| 215 |
_a63 с. _cил., портр. _d21 |
||
| 300 | _aНа обороте тит. с. авт.: Наталья Курлыкова, псевд. Натэлла Ноддель | ||
| 686 | 2 | _aШ6(2=Р)8-5 | |
| 700 | 1 |
_7ca _8rus _aНоддель _bН. _f1977- _gНателла _9262895 _3RU\NLR\AUTH\770262951 |
|
| 942 | _cBOOK | ||
| 980 | _aNB | ||